000 00696nam a2200217Ii 4500
003 JO-AjNU
008 230605s9999||||xx |||||||||||||| ||und||
017 _a2003/11879
020 _a977-287-329-X
040 _aJO-AjNU
_bara
_erda
_cJO-AjNU
041 _aara
050 1 4 _aQA76.73.C154.H8 2003
100 3 _aحسين، قدري/ م مشارك مصطفى ماجد ,
_eauthor
_944351
245 0 0 _aتعلم واحترفC#بسهولة
264 3 1 _aالقاهرة:دار الكتب لعلمية ، 2003
300 _a432ص
336 _atext
_btxt
_2rdacontent
337 _aunmediated
_bn
_2rdamedia
338 _avolume
_bnc
_2rdacarrier
650 4 _aمهارات الحاسوب
_944352
999 _aA19142
_c22710
_d22710